[Event "FRA-ch op-C"]
[Site "Aix les Bains"]
[Date "2007.08.22"]
[Round "9"]
[White "Vinogradov, Dmitrij"]
[Black "Guilchard, Benjamin"]
[Result "1-0"]
[WhiteElo "1740"]
[BlackElo "1790"]
[PlyCount "35"]
[EventDate "2007.08.13"]
[EventType "swiss"]
[EventRounds "11"]
[EventCountry "FRA"]
[SourceTitle "CBM 120 Extra"]
[Source "ChessBase"]
[SourceDate "2007.11.01"]
[SourceVersion "1"]
[SourceVersionDate "2007.11.01"]
[SourceQuality "1"]

1. e4 c5 2. Nf3 d6 3. d4 cxd4 4. Nxd4 Nf6 5. Nc3 a6 6. Bg5 e6 7. Bd3 Be7 8. 0-0 Nxe4 9. Nxe4 Bxg5 10. f4 Be7 11. Kh1 Nd7 12. f5 e5 13. Ne6 Qb6 14. Nxg7+ Kd8 15. f6 Bf8 16. Ng5 Kc7 17. Nxf7 Rg8 18. Ne8+ 1-0

[Event "RUS-Cup2"]
[Site "Moscow"]
[Date "1996.??.??"]
[Round "3"]
[White "Glagolev, Boris"]
[Black "Vinogradov, Dmitrij"]
[Result "0-1"]
[WhiteElo "2055"]
[BlackElo "2320"]
[PlyCount "32"]
[EventDate "1996.11.28"]
[EventType "swiss"]
[EventRounds "9"]
[EventCountry "RUS"]
[SourceTitle "CBM 056 Extra"]
[Source "ChessBase"]
[SourceDate "1997.03.01"]
[SourceVersion "1"]
[SourceVersionDate "1997.03.01"]
[SourceQuality "1"]

1. d4 d5 2. c4 c6 3. Nc3 Nf6 4. e3 e6 5. Bd3 dxc4 6. Bxc4 b5 7. Bd3 Nbd7 8. Nf3 Bb7 9. 0-0 b4 10. Ne4 Nxe4 11. Bxe4 Be7 12. Bd2 0-0 13. Rc1 Rc8 14. Qb3 Qb6 15. Bb1 c5 16. dxc5 Nxc5 0-1